[Event "Imola op 3rd"]
[Site "Imola"]
[Date "2021.12.06"]
[Round "1"]
[White "Solomon, Kenny"]
[Black "Molina, Fabrizio"]
[Result "1/2-1/2"]
[WhiteElo "2354"]
[BlackElo "2157"]
[PlyCount "118"]
[EventDate "2021.12.06"]
[EventType "swiss"]
[EventRounds "5"]
[EventCountry "ITA"]
[SourceTitle "CBM 205 Extra"]
[Source "ChessBase"]
[SourceDate "2022.01.31"]
[SourceVersion "1"]
[SourceVersionDate "2022.01.31"]
[SourceQuality "1"]

1. d4 d5 2. Nf3 Nf6 3. c4 c6 4. Nc3 a6 5. e3 b5 6. b3 Bg4 7. Qc2 e6 8. Bd3 Nbd7 9. 0-0 Bd6 10. Bb2 0-0 11. Ne2 Qb8 12. Ng3 h5 13. Rfe1 Re8 14. Ng5 h4 15. Nf1 Nf8 16. c5 Bc7 17. f3 Bh5 18. Qf2 Bg6 19. Be2 Bd8 20. f4 Ne4 21. Nxe4 Bxe4 22. Nd2 Ng6 23. Nxe4 dxe4 24. Bh5 Ne7 25. Qxh4 g6 26. Bd1 Nd5 27. Qh6 Ba5 28. Re2 Ra7 29. a3 f5 30. b4 Rh7 31. Qg5 Bc7 32. Bb3 Kf7 33. Bxd5 Bd8 34. Qg3 Bh4 35. Qh3 Bf2+ 36. Rxf2 Rxh3 37. Bxe6+ Kxe6 38. gxh3 Kd5 39. Rg2 Qd8 40. Rc1 Rh8 41. Rg3 Rh6 42. Kg2 a5 43. Bc3 axb4 44. Bxb4 Qa8 45. h4 Qa4 46. Rf1 Qb3 47. h3 Rxh4 48. Rf2 Rh6 49. Rf1 Qd3 50. Rf2 Qb3 51. Rf1 Ke6 52. Rf2 Kd5 53. Kh2 Qd3 54. Kg2 Qb3 55. Re2 Qd3 56. Rd2 Qb3 57. Kh2 Ke6 58. Kg2 Kd5 59. Rf2 Qd3 1/2-1/2

[Event "Titled Tuesday intern op 12th Oct"]
[Site "Chess.com INT"]
[Date "2021.10.12"]
[Round "4"]
[White "Begmuratov, Khumoyun"]
[Black "Solomon, Kenny"]
[Result "1-0"]
[WhiteElo "2082"]
[BlackElo "2354"]
[PlyCount "51"]
[EventDate "2021.10.12"]
[EventType "swiss (blitz)"]
[EventRounds "11"]
[EventCountry "USA"]
[SourceTitle "EXT 2023"]
[Source "ChessBase"]
[SourceDate "2022.10.05"]
[SourceVersion "1"]
[SourceVersionDate "2022.10.05"]
[SourceQuality "1"]

1. e4 c5 2. Nc3 Nc6 3. g3 g6 4. Bg2 Bg7 5. Nge2 d6 6. 0-0 e6 7. d3 Nge7 8. Be3 Nd4 9. Qd2 h5 10. h4 0-0 11. Nd1 Rb8 12. c3 Nxe2+ 13. Qxe2 Nc6 14. f4 Re8 15. Nf2 f5 16. Rad1 Bd7 17. Nh3 e5 18. Ng5 exf4 19. Bxf4 Ne5 20. exf5 Nf7 21. Ne6 gxf5 22. Bd5 Qf6 23. Rfe1 Re7 24. Bg5 Nxg5 25. Nxg5+ Kf8 26. Nh7+ 1-0

[Event "Titled Tuesday intern op 12th Oct"]
[Site "Chess.com INT"]
[Date "2021.10.12"]
[Round "2"]
[White "Rustemov, Alexander"]
[Black "Solomon, Kenny"]
[Result "1-0"]
[WhiteElo "2525"]
[BlackElo "2354"]
[PlyCount "65"]
[EventDate "2021.10.12"]
[EventType "swiss (blitz)"]
[EventRounds "11"]
[EventCountry "USA"]
[SourceTitle "EXT 2023"]
[Source "ChessBase"]
[SourceDate "2022.10.05"]
[SourceVersion "1"]
[SourceVersionDate "2022.10.05"]
[SourceQuality "1"]

1. d4 Nf6 2. c4 e6 3. Nf3 b6 4. a3 Ba6 5. Qc2 Bb7 6. Nc3 c5 7. dxc5 Bxc5 8. Bf4 Nc6 9. h3 a5 10. e3 0-0 11. Be2 h6 12. 0-0 d6 13. Rfd1 Qe7 14. Na4 Rfd8 15. Bh2 Rac8 16. Rac1 d5 17. cxd5 exd5 18. Nxc5 bxc5 19. Qxc5 Qe6 20. Nd4 Nxd4 21. Qxd4 Ne4 22. Be5 Rxc1 23. Rxc1 f6 24. Bf4 Rc8 25. Qd1 g5 26. Bc7 Qe7 27. Bxa5 Rxc1 28. Qxc1 Nd6 29. Bb4 Qd7 30. Qc5 Ne8 31. Qf8+ Kh7 32. Bd3+ f5 33. Bxf5+ 1-0

[Event "Titled Tuesday intern op 12th Oct"]
[Site "Chess.com INT"]
[Date "2021.10.12"]
[Round "5"]
[White "Solomon, Kenny"]
[Black "Awoki, Daniel Teidi"]
[Result "1-0"]
[WhiteElo "2354"]
[BlackElo "2152"]
[PlyCount "81"]
[EventDate "2021.10.12"]
[EventType "swiss (blitz)"]
[EventRounds "11"]
[EventCountry "USA"]
[SourceTitle "EXT 2023"]
[Source "ChessBase"]
[SourceDate "2022.10.05"]
[SourceVersion "1"]
[SourceVersionDate "2022.10.05"]
[SourceQuality "1"]

1. d4 Nf6 2. c4 e6 3. Nf3 d5 4. Nc3 Be7 5. Bf4 0-0 6. e3 c5 7. dxc5 Bxc5 8. a3 a5 9. cxd5 Nxd5 10. Nxd5 Qxd5 11. Qc2 Be7 12. Bd3 h6 13. 0-0 Nc6 14. Rfd1 Qh5 15. Be2 Qc5 16. Rac1 Qxc2 17. Rxc2 Bf6 18. Bc7 e5 19. Bb5 Na7 20. Bd3 Be6 21. Rdc1 Nc6 22. Be4 Rfc8 23. Bd6 Rd8 24. Bxc6 Rxd6 25. Bxb7 Rad8 26. h3 Rb6 27. Be4 Rdb8 28. Rc5 a4 29. Nxe5 Rxb2 30. Nc6 R8b3 31. Ra1 g6 32. Nd4 Bxd4 33. exd4 Rd2 34. d5 Bd7 35. Rc7 Bb5 36. Rb7 Rbb2 37. d6 Rxf2 38. d7 Rfd2 39. Rb8+ Kg7 40. d8Q Rxd8 41. Rxd8 1-0

[Event "Titled Tuesday intern op 12th Oct"]
[Site "Chess.com INT"]
[Date "2021.10.12"]
[Round "3"]
[White "Solomon, Kenny"]
[Black "Fajdetic, Hrvoje"]
[Result "1-0"]
[WhiteElo "2354"]
[BlackElo "2151"]
[PlyCount "57"]
[EventDate "2021.10.12"]
[EventType "swiss (blitz)"]
[EventRounds "11"]
[EventCountry "USA"]
[SourceTitle "EXT 2023"]
[Source "ChessBase"]
[SourceDate "2022.10.05"]
[SourceVersion "1"]
[SourceVersionDate "2022.10.05"]
[SourceQuality "1"]

1. d4 e6 2. c4 f5 3. Nc3 Nf6 4. Nf3 Bb4 5. Bd2 0-0 6. e3 b6 7. Be2 Bb7 8. 0-0 d6 9. a3 Bxc3 10. Bxc3 Ne4 11. Be1 Nd7 12. Nd2 Nxd2 13. Bxd2 e5 14. d5 a5 15. Bc3 a4 16. f4 Qe7 17. Qc2 Nc5 18. fxe5 Qg5 19. Rf4 Rae8 20. h4 Qh6 21. e6 c6 22. Bf3 Ne4 23. Bxe4 fxe4 24. Qxe4 Rxf4 25. exf4 cxd5 26. cxd5 Qxh4 27. Qxa4 Qh5 28. Qd7 Bxd5 29. Qxg7# 1-0

[Event "Titled Tuesday intern op 12th Oct"]
[Site "Chess.com INT"]
[Date "2021.10.12"]
[Round "6"]
[White "Solomon, Kenny"]
[Black "Popovic, Milan S"]
[Result "1-0"]
[WhiteElo "2354"]
[BlackElo "2368"]
[PlyCount "73"]
[EventDate "2021.10.12"]
[EventType "swiss (blitz)"]
[EventRounds "11"]
[EventCountry "USA"]
[SourceTitle "EXT 2023"]
[Source "ChessBase"]
[SourceDate "2022.10.05"]
[SourceVersion "1"]
[SourceVersionDate "2022.10.05"]
[SourceQuality "1"]

1. d4 c6 2. c4 d6 3. Nc3 Nf6 4. e4 a6 5. a4 a5 6. Bd3 e5 7. d5 Be7 8. h3 Nfd7 9. Nf3 Nc5 10. Bc2 Nba6 11. 0-0 h5 12. Be3 g5 13. Nh2 Bd7 14. Bd3 g4 15. hxg4 hxg4 16. Be2 g3 17. fxg3 Bg5 18. Qc1 Bxe3+ 19. Qxe3 Qb6 20. Rf6 Nb4 21. Rc1 Qc7 22. Rcf1 Nc2 23. Qd2 Nd4 24. Bd1 Qb6 25. Qe3 Qc7 26. Rxf7 0-0-0 27. dxc6 bxc6 28. Bg4 Qb6 29. Bxd7+ Nxd7 30. Qf2 Rh6 31. Ng4 Rg6 32. Ne3 Rdg8 33. Nf5 Kc7 34. Ne7 Rxg3 35. Nxg8 Rxg8 36. Rxd7+ Kxd7 37. Qf7+ 1-0

[Event "Titled Tuesday intern op 12th Oct"]
[Site "Chess.com INT"]
[Date "2021.10.12"]
[Round "9"]
[White "Solon, Nathan"]
[Black "Solomon, Kenny"]
[Result "1-0"]
[WhiteElo "2306"]
[BlackElo "2354"]
[PlyCount "159"]
[EventDate "2021.10.12"]
[EventType "swiss (blitz)"]
[EventRounds "11"]
[EventCountry "USA"]
[SourceTitle "EXT 2023"]
[Source "ChessBase"]
[SourceDate "2022.10.05"]
[SourceVersion "1"]
[SourceVersionDate "2022.10.05"]
[SourceQuality "1"]

1. d4 Nf6 2. Bg5 d5 3. e3 c5 4. Bxf6 gxf6 5. dxc5 e5 6. c4 dxc4 7. Qxd8+ Kxd8 8. Bxc4 Bxc5 9. Bxf7 Ke7 10. Bb3 Nc6 11. Nc3 Nb4 12. Ke2 Bf5 13. e4 Bg4+ 14. f3 Be6 15. Bxe6 Kxe6 16. Rc1 Bd4 17. Nh3 Rhg8 18. g3 a6 19. f4 Rac8 20. f5+ Kf7 21. Nd5 Nxa2 22. Rxc8 Rxc8 23. Kd3 Nc1+ 24. Kd2 Nb3+ 25. Kd3 Nc5+ 26. Ke2 Nxe4 27. Kd3 Nc5+ 28. Ke2 Nb3 29. Kd3 Bxb2 30. Rb1 Nc5+ 31. Ke2 Bd4 32. Nf2 Bxf2 33. Kxf2 Rd8 34. Ne3 Rd2+ 35. Kf3 Ke7 36. Rb6 Rd6 37. Rb1 b5 38. Rc1 Nd7 39. Rc7 Kd8 40. Ra7 Rb6 41. Nd5 Rb8 42. Nb4 Rc8 43. Rxa6 Ke7 44. Nd5+ Kf7 45. Rd6 Ke8 46. Nxf6+ Nxf6 47. Rxf6 Kd7 48. Rb6 Rc5 49. Ke4 Ke7 50. g4 Kf7 51. g5 Kg7 52. Rb7+ Kg8 53. f6 Kf8 54. h4 Kg8 55. Kf5 e4+ 56. Kxe4 Rc4+ 57. Kf5 Rxh4 58. Rb8+ Kf7 59. Rb7+ Kf8 60. Rxb5 Rh1 61. Rb8+ Kf7 62. Rb7+ Kf8 63. Ra7 Rf1+ 64. Kg4 Re1 65. Rxh7 Rg1+ 66. Kf5 Kg8 67. Rg7+ Kf8 68. Kg6 Rh1 69. Ra7 Ke8 70. Ra8+ Kd7 71. f7 Rf1 72. f8Q Rxf8 73. Rxf8 Ke7 74. Rf6 Kd7 75. Kf5 Ke7 76. g6 Kd7 77. g7 Ke7 78. g8Q Kd7 79. Qg7+ Ke8 80. Rf8# 1-0

[Event "ITA-chTB 52nd"]
[Site "Montesilvano"]
[Date "2021.09.20"]
[Round "1.1"]
[White "Socko, Bartosz"]
[Black "Solomon, Kenny"]
[Result "1-0"]
[WhiteElo "2617"]
[BlackElo "2353"]
[PlyCount "89"]
[EventDate "2021.09.20"]
[EventType "team-tourn"]
[EventRounds "7"]
[EventCountry "ITA"]
[SourceTitle "CBM 204 Extra"]
[Source "ChessBase"]
[SourceDate "2021.11.30"]
[SourceVersion "1"]
[SourceVersionDate "2021.11.30"]
[SourceQuality "1"]
[WhiteTeam "Chieti"]
[BlackTeam "Canal Cib Unigas"]
[WhiteTeamCountry "ITA"]
[BlackTeamCountry "ITA"]

1. d4 Nf6 2. c4 e6 3. g3 d5 4. Bg2 Bb4+ 5. Nd2 0-0 6. Ngf3 b6 7. 0-0 Bb7 8. Ne5 Be7 9. Qa4 Qc8 10. cxd5 Bxd5 11. Ndf3 Qb7 12. Bf4 Na6 13. Nd3 c5 14. dxc5 Nxc5 15. Nxc5 Bxc5 16. b4 Be7 17. Rfc1 Rac8 18. Be5 Ne4 19. Ne1 b5 20. Qa3 a5 21. Qxa5 Ra8 22. Qc7 Qxc7 23. Rxc7 Bxb4 24. Nd3 Ba5 25. Rc2 Bb6 26. Rb1 Ra5 27. Rb4 f5 28. h4 Rfa8 29. a4 Rxa4 30. Rxb5 Bd4 31. Bxd4 Rxd4 32. Bf3 h6 33. Nf4 Nf6 34. Bxd5 exd5 35. Rc7 Rc4 36. Nxd5 Rxc7 37. Nxc7 Ra2 38. Kf1 g6 39. Ne6 Kf7 40. Nd8+ Ke7 41. Nc6+ Kd6 42. Ne5 Ra1+ 43. Kg2 Ra2 44. Nxg6 Nd5 45. Kf3 1-0